Don't Type the Vowels! Quiz Stats

Quiz Updated May 12, 2015

Challenge
Share
Tweet
Embed
Score 0/20 Timer 01:00
1 Play Today
Word No Vowels % Correct
BALDERDASH???
99.5%
ZOOLOGICAL???
88.6%
AMBULANCES???
71.6%
DIARRHETIC???
67.7%
CINQUEFOIL???
65.1%
JOCOSENESS???
62.4%
NIHILISTIC???
59.5%
GONOCOCCIC???
54.3%
DIETETICAL???
50%
SKINNINESS???
45.4%
Word No Vowels % Correct
TRANSOCEANIC???
37.8%
WELTERWEIGHT???
32%
RODOMONTADOR???
24%
VAUDEVILLIAN???
19.3%
PHILATELISTS???
15%
LUNCHEONETTE???
11.1%
MOLLUSCOIDAL???
8.2%
KLEPTOMANIAC???
5.8%
XANTHOCHROID???
3.7%
BLASTOPHORAL???
2.5%

You're not logged in!

Compare scores with friends on all Sporcle quizzes.
Sign Up with Email
OR
Log In

You Might Also Like...

Show Comments

Extras

Top Quizzes Today


Score Distribution

Your Account Isn't Verified!

In order to create a playlist on Sporcle, you need to verify the email address you used during registration. Go to your Sporcle Settings to finish the process.